| 000 | 004140000a22001090004500 | ||
|---|---|---|---|
| 090 |
_aAS _bSeriadas |
||
| 245 | 1 | 0 | _aEstudio sobre entomostraceos de Colombia VI- Paraimnadiidae, una nueva familia de Crustacea-Conchostraca |
| 041 | 0 | _aEspaƱol | |
| 100 | 1 |
_aRoessler, Ewald W. _999183 |
|
| 942 | _cARTICULO | ||
| 773 | 1 |
_tRevista de la Academia Colombiana de Ciencias Exactas, Fisicas y Naturales _332 _h68 _q93-104 _d1991 _g18 |
|
| 999 |
_c14286 _d14286 |
||